| 000 | 00386pab a2200157 454500 | ||
|---|---|---|---|
| 008 | 180718b2003 xxu||||| |||| 00| 0 eng d | ||
| 100 | _aSharan, Shree Shankar | ||
| 245 | _aSaga of Indian secularism and the new crisis | ||
| 260 | _c2003 | ||
| 300 | _ap.31-35. | ||
| 362 | _a27 Dec | ||
| 650 | _aSecularism - India | ||
| 650 | _aSecularism | ||
| 773 | _aMainstream | ||
| 909 | _a59055 | ||
| 999 |
_c59055 _d59055 |
||